| 000 | 00808cam a2200229a 44500 | ||
|---|---|---|---|
| 003 | OSt | ||
| 005 | 20150408113725.0 | ||
| 008 | 030319s1985 ua g 00000 ara dd | ||
| 040 |
_aSA-RiAUC _bara _cSA-RiAUC |
||
| 041 | _aعربي | ||
| 072 |
_a019 _xالدعوة الإسلامية |
||
| 082 | 0 | 4 | _a213 |
| 092 |
_a213 _bق ش ا |
||
| 100 | 1 |
_aابن قيم الجوزية، محمد بن أبي بكر بن أيوب، _d691-751 هـ. _9220 |
|
| 245 | 1 | 0 |
_aإغاثة اللهفان من مصائد الشيطان / _cلابن قيم الجوزية ؛ دراسة وتحقيقماهر ثملاوي. |
| 250 | _aط.1 | ||
| 260 |
_aبيروت _bمؤسسة الرسالة _c2007 |
||
| 300 |
_c24 سم. _a588 ص |
||
| 650 |
_2aucsh.1 _aالدعوة والارشاد _9277 |
||
| 700 | _eمحقق.\\ | ||
| 942 |
_2ddc _cBOOK |
||
| 999 |
_c1114 _d235614 |
||